Normal view MARC view

Entry Personal Name

Number of records used in: 1

001 - CONTROL NUMBER

  • control field: 9283

003 - CONTROL NUMBER IDENTIFIER

  • control field: DLC

005 - DATE AND TIME OF LATEST TRANSACTION

  • control field: 20221109103607.0

008 - FIXED-LENGTH DATA ELEMENTS

  • fixed length control field: 000207nn azannaabn a aaa

010 ## - LIBRARY OF CONGRESS CONTROL NUMBER

  • LC control number: n 00000436

016 ## - NATIONAL BIBLIOGRAPHIC AGENCY CONTROL NUMBER

  • Record control number: 0066H2642E

035 ## - SYSTEM CONTROL NUMBER

  • System control number: (OCoLC)oca05150037

040 ## - CATALOGING SOURCE

  • Original cataloging agency: DLC
  • Language of cataloging: eng
  • Description conventions: rda
  • Transcribing agency: DLC
  • Modifying agency: OCoLC
  • Modifying agency: DNLM
  • Modifying agency: CaOONL
  • Modifying agency: CaOOU

042 ## - AUTHENTICATION CODE

  • Authentication code: nlc

046 ## - SPECIAL CODED DATES

  • Birth date: 1959-02-01
  • Source of date scheme: edtf

100 1# - HEADING--PERSONAL NAME

  • Personal name: Xia, Xuhua,
  • Dates associated with a name: 1959-

373 ## - ASSOCIATED GROUP

  • Associated group: University of Hong Kong. Department of Ecology and Biodiversity
  • Source of term: naf

373 ## - ASSOCIATED GROUP

  • Associated group: University of Ottawa. Department of Biology
  • Source of term: naf
  • Start period: 2002

400 1# - SEE FROM TRACING--PERSONAL NAME

  • Personal name: Hsia, Hsü-hua,
  • Dates associated with a name: 1959-

670 ## - SOURCE DATA FOUND

  • Source citation: Data analysis in molecular biology and evolution, 2000:
  • Information found: CIP t.p. (Xuhua Xia, University of Hong Kong) pub. info (Dept. of Ecology and Biodiversity, Univ. of Hong Kong) data sheet (b. February 1, 1959)

670 ## - SOURCE DATA FOUND

  • Source citation: University of Ottawa website, viewed August 19, 2022
  • Information found: (Xuhua Xia; professor in the Department of Biology, University of Ottawa, since 2002)
  • Uniform Resource Identifier: https://uniweb.uottawa.ca/members/322/profile

Powered by Koha